00522nam a22002057a 450000500170000001000110001702000100002803500110003803700160004904000120006508200150007710000200009224500620011226000430017427000140021730000210023150000240025265000210027665000190029720170124110004.0 a857009 c00.00 a857009 bCen Lib/Ret aDPLbEN a362.7bPAN aPandey, Rama S. aChild socialization in modernization /cby Rama S. pandey aNew DelhibSomaiya publications c1977 bNew Delhi a191p. c20cm(Hb) aIncludes index  aSocial problems  aModernization